Pozycja Personal Name
Liczba rekordów, w których użyto hasła: 1
001 - Numer kontrolny
- control field: 37974
003 - Identyfikator numeru kontrolnego
- control field: NUKAT
005 - Data i czas ostatniej modyfikacji
- control field: 20260312211231.0
008 - Dane kontrolne kodowane (40 znaków)
- fixed length control field: 000221n||a|znnaabn |a aaa |c
010 ## - Numer kontrolny Biblioteki Kongresu
- numer kontrolny LC: n 00021894
024 7# - OTHER STANDARD IDENTIFIER
- Standard number or code: 74117553
- Source of number or code: viaf
024 7# - OTHER STANDARD IDENTIFIER
- Standard number or code: 0000000121397316
- Source of number or code: isni
024 7# - OTHER STANDARD IDENTIFIER
- Standard number or code: Q164823
- Source of number or code: wikidata
040 ## - Instytucja sporządzająca rekord
- inst. przygot. dane do rek. khw: WA U/77EBU
- język haseł przedmiotowych/tezaurus: kaba
- inst. wprow. rek. khw: WA U/EBUs
- inst. modyf. rek. khw: WA U/EBUs
- inst. modyf. rek. khw: KR 295/MG
- inst. modyf. rek. khw: WR U/mm
- inst. modyf. rek. khw: WA U/JMK
100 1# - Hasło - nazwa osobowa
- nazwa osobowa w formie ujednoliconej: Savonarola, Girolamo
- daty biograficzne: (1452-1498).
400 1# - Trop zob. - nazwa osobowa
- nazwa osobowa (nazwisko, imiona): Savonarola, Girolamo Maria Francesco Matteo.
400 1# - Trop zob. - nazwa osobowa
- nazwa osobowa (nazwisko, imiona): Savonarola, Gerolamo.
400 1# - Trop zob. - nazwa osobowa
- nazwa osobowa (nazwisko, imiona): Savonarola, Hieronimo.
400 1# - Trop zob. - nazwa osobowa
- nazwa osobowa (nazwisko, imiona): Savonarole, Jérôme.
400 1# - Trop zob. - nazwa osobowa
- nazwa osobowa (nazwisko, imiona): Savonarola, Hieronim.
400 1# - Trop zob. - nazwa osobowa
- nazwa osobowa (nazwisko, imiona): Savonarola, Hieronymus.
400 0# - Trop zob. - nazwa osobowa
- nazwa osobowa (nazwisko, imiona): Hieronymus Ferrariensis.
400 0# - Trop zob. - nazwa osobowa
- nazwa osobowa (nazwisko, imiona): Ferrariensis Hieronymus.
400 1# - Trop zob. - nazwa osobowa
- nazwa osobowa (nazwisko, imiona): Ferrara, Hieronymus de.
400 1# - Trop zob. - nazwa osobowa
- nazwa osobowa (nazwisko, imiona): Savonarola de Ferraria, Hieronymus.
400 0# - Trop zob. - nazwa osobowa
- nazwa osobowa (nazwisko, imiona): Heronim z Ferrary.
400 1# - Trop zob. - nazwa osobowa
- nazwa osobowa (nazwisko, imiona): Ferraryusz, Hieronim.
400 1# - Trop zob. - nazwa osobowa
- nazwa osobowa (nazwisko, imiona): Ferreryusz, Hieronim.
670 ## - Źródło informacji
- źródło informacji: Vita di Girolamo Savonarola / Roberto Ridolfi. - Roma, 1952.
670 ## - Źródło informacji
- źródło informacji: LCN'1996.
670 ## - Źródło informacji
- źródło informacji: BNF-NA.
670 ## - Źródło informacji
- źródło informacji: O miłości Jezusa / Hieronim Savonarola. - Poznań, 2003.
670 ## - Źródło informacji
- źródło informacji: Kp. Meditatio Pia Et Ervdita Hieronymi Sauonarolæ [...]. - Argentorati, 1524.
670 ## - Źródło informacji
- źródło informacji: Meditatio Pia admodum & Deuota In Psalmum Quinquagesimum Miserere mei Deus Fr. Hieronymi Ferrariensis [...].- [Kraków], 1680.
670 ## - Źródło informacji
- źródło informacji: Estr. XV-XVIII. - 1891.
670 ## - Źródło informacji
- źródło informacji: VD17 online.